| 000 | 00587nam a2200205 a 4500 | ||
|---|---|---|---|
| 001 | BRL_1905 | ||
| 005 | 20190320211428.0 | ||
| 008 | 170815s1960----nyu######d---#000-0#eng-# | ||
| 041 | _aeng | ||
| 044 | _anyu | ||
| 050 | 4 |
_aPE1591 _b.R36 1960 |
|
| 245 | 1 | 0 |
_aThe Random House _bDictionary of synonyms and antonyms _cedited by Laurence Urdang. |
| 260 |
_aNew York _bRandom House _c1960 |
||
| 300 |
_a310 p. _c14 cm. |
||
| 500 | _aAu2145 | ||
| 650 | 1 | 4 |
_aInglés _vDiccionarios _xSinónimos y antónimos _928200 |
| 700 | 1 |
_aUrdang, Laurence _eed. _928201 |
|
| 902 | _aGRL | ||
| 942 |
_2lcc _cB |
||
| 999 |
_c10713 _d10713 |
||